Les voyages de Sindebad le marin. Texte arabe, extrait des Mille et une nuits muni des signes grammaticaux, accompagne d'un vocabulaire et de notes analytiques par L. Machuel. Autographie par H. Lacoux.

Saved in:

Other Authors: Machuel, Louis Pierre, 1848-1922.

Format: Book

Language: Arabic

Published: Alger A. Jourdan 1910.

Edition: 3. ed.

Tags: Add Tag

No Tags, Be the first to tag this record!

Call Number: PJ7712 .S5 M6 1910

LEADER 00779cam a2200217M 4500
001 ocn977784934
003 OCoLC
005 20240222082936.0
008 670101s1910 ae 000 0 ara d
050 4 |a PJ7712 .S5  |b M6 1910 
130 0 |a Sindbad the sailor. 
245 1 0 |a Les voyages de Sindebad le marin.  |b Texte arabe, extrait des Mille et une nuits muni des signes grammaticaux, accompagne d'un vocabulaire et de notes analytiques par L. Machuel. Autographie par H. Lacoux. 
250 |a 3. ed. 
264 1 |a Alger  |b A. Jourdan  |c 1910. 
300 |a 103;150 pages 
336 |a text  |b txt  |2 rdacontent 
337 |a unmediated  |b n  |2 rdamedia 
338 |a volume  |b nc  |2 rdacarrier 
700 1 |a Machuel, Louis Pierre,  |d 1848-1922. 
740 0 |a Safarat al-Sindbad al-bahri. 
999 |c 57066  |d 57066